000 00366nam a22001697a 4500
003 UA-OsUOA
001 4381
007 ta
008 20050721b un ||||| |||| 00| 0 ukr d
100 _aPeterson
700 _aWilliam H.
942 _cBK
040 _aUA-OsUOA
_cUA-OsUOA
_dUA-OsUOA
245 _aAn outline of the american economy.
955 _a2
650 7 _2UDC
999 _c290543
_d290543